000 00591nam a2200241Ia 4500
003 OSt
005 20220912150553.0
006 a|||||r|||| 00| 0
007 ta
008 220909b |||||||| |||| 00| 0 eng d
024 _a47124
037 _cTextual
040 _aCSL
_beng
_cCSL
041 _aeng
082 _aE17, K7.3
100 _aGutmann V Ed.
245 0 _aHalogen chemistry
260 _aLondon
_bAcademic Press
_c1967
300 _axiv, 471p.
_ccm.
650 _aChemistry
942 _hE17, K7.3
_cTEXL
_2CC
999 _c50354
_d50354